Central Library OPAC University of Rajshahi

বাংলার লোক-সাহিত্য : (Record no. 44028)

MARC details
000 -LEADER
fixed length control field 00912nam a2200229 a 4500
001 - CONTROL NUMBER
control field 44028
003 - CONTROL NUMBER IDENTIFIER
rucl marc code BD-RjUL
005 - DATE AND TIME OF LATEST TRANSACTION
control field 20211209053804.0
008 - FIXED-LENGTH DATA ELEMENTS--GENERAL INFORMATION
fixed length control field 160712s2004 ii ||||| |||| 00| 0 ben d
020 ## - INTERNATIONAL STANDARD BOOK NUMBER
Terms of availability : Tk. 100.00
035 ## - SYSTEM CONTROL NUMBER
System control number (BD-RjUL)44146
040 ## - CATALOGING SOURCE
Original cataloging agency BD-RjUL
Language of cataloging ben
Transcribing agency BD-RjUL
041 ## - LANGUAGE CODE
Language code of text/sound track or separate title ben
082 ## - DEWEY DECIMAL CLASSIFICATION NUMBER
Edition number 23
Classification number 398.2095492
Author mark and year KRB 2004
100 ## - MAIN ENTRY--PERSONAL NAME
Personal name খাঁ, কৃষ্ণা
9 (RLIN) 135238
245 10 - TITLE STATEMENT
Title বাংলার লোক-সাহিত্য :
Remainder of title মূলপাঠ নির্ণয় /
Statement of responsibility, etc. কৃষ্ণা খাঁ
260 ## - PUBLICATION, DISTRIBUTION, ETC. (IMPRINT)
Place of publication, distribution, etc. কলকাতা :
Name of publisher, distributor, etc. পুস্তক বিপনি,
Date of publication, distribution, etc. ২০০৪
300 ## - PHYSICAL DESCRIPTION
Pagination ১৬০ পৃ. ;
Size ২১ সেমি.
650 ## - SUBJECT ADDED ENTRY--TOPICAL TERM
Topical term or geographic name as entry element লোকসাহিত্য
General subdivision ইতিহাস ও সমালোচনা
-- বাংলাদেশ
9 (RLIN) 135239
Topical term or geographic name as entry element Folk literature
General subdivision History and criticism
-- Bangladesh
9 (RLIN) 135233
942 ## - ADDED ENTRY ELEMENTS (KOHA)
Source of classification or shelving scheme Dewey Decimal Classification
Koha item type Books
Holdings
Lost status Source of classification or shelving scheme Damaged status Not for loan Collection code Permanent Location Current Location Shelving location Date acquired Source of acquisition Cost, normal purchase price Total Checkouts Full call number Date last seen Copy number Koha item type
  Dewey Decimal Classification     Non-fiction Central Library, University of Rajshahi Central Library, University of Rajshahi   21/01/2008 Paragon Enterprise Lit., Dhaka 100.00   B 398.2095492 KRB 2004 12/07/2016 C-2 Books
  Dewey Decimal Classification     Non-fiction Central Library, University of Rajshahi Central Library, University of Rajshahi   21/01/2008 Paragon Enterprise Lit., Dhaka 100.00   B 398.2095492 KRB 2004 08/08/2016 C-3 Books
  Dewey Decimal Classification     Non-fiction Central Library, University of Rajshahi Central Library, University of Rajshahi   05/09/2009 Aisania mijan book dipo 100.00   B 398.2095492 KRB 2004 08/08/2016 C-4 Books
  Dewey Decimal Classification     Non-fiction Central Library, University of Rajshahi Central Library, University of Rajshahi   05/09/2009 Aisania mijan book dipo 100.00   B 398.2095492 KRB 2004 08/08/2016 C-5 Books
  Dewey Decimal Classification     Non-fiction Central Library, University of Rajshahi Central Library, University of Rajshahi   05/09/2009 Aisania mijan book dipo 100.00   B 398.2095492 KRB 2004 08/08/2016 C-6 Books
  Dewey Decimal Classification     Non-fiction Central Library, University of Rajshahi Central Library, University of Rajshahi   05/09/2009 Aisania mijan book dipo 100.00   B 398.2095492 KRB 2004 08/08/2016 C-7 Books
  Dewey Decimal Classification     Non-fiction Central Library, University of Rajshahi Central Library, University of Rajshahi   21/01/2008 Paragon Enterprise, Dhaka 100.00   B 398.2095492 KRB 2004 03/10/2016 C-8 Books
  Dewey Decimal Classification   Not For Loan Non-fiction Central Library, University of Rajshahi Central Library, University of Rajshahi Reading Room 21/01/2008 Paragon Enterprises Dhaka 100.00   B 398.2095492 KRB 2004 27/12/2016 C-1 Books
  Dewey Decimal Classification     Non-fiction Central Library, University of Rajshahi Central Library, University of Rajshahi General Stacks 17/12/2024 Paragon Enter prise 100.00   B 398.2095492 KRB 2004 17/12/2024 C-9 Books